Best Fast Food Chains Globally - Statistics

General Stats
  • This quiz has been taken 81 times
  • The average score is 5 of 10
Answer Stats
# Answer % Correct
1 McDonald's
97%
6 Burger King
86%
2 KFC
76%
4 Pizza Hut
55%
5 Starbucks
55%
3 Subway
55%
7 Domino's
42%
8 Dunkin Donuts
27%
9 Dairy Queen
18%
10 Papa John's Pizza
3%
No matching quizzes found
Score Distribution
Percent of People with Each Score
Percentile by Number Answered
Your Score History
You have not taken this quiz